| 000 | 00781nam a2200193 i 4500 | ||
|---|---|---|---|
| 001 | 153045 | ||
| 003 | ES-MaACL | ||
| 005 | 20250810063038.0 | ||
| 008 | 931025s1800 sp |||| | lat d | ||
| 040 |
_aCARM _bspa _cPAB |
||
| 100 | 1 |
_aCavallari, Domenico, _d1724-1781 _9126403 |
|
| 245 | 1 | 0 |
_aInstitutiones iuris canonici _b: in tres partes, ac sex tomos distributae ... / _ca Dominico Cavallario ... conscriptae ; tomus secundus. |
| 260 |
_aMatriti : _bex Typographia Regia : _bse hallara en la Librería de Don Felipe Alverá ..., _c1800. |
||
| 300 |
_a[4], 214 p. ; _c4º. |
||
| 597 | _aSign.: [ ]2, A-Z4, 2A-2C4, 2D3. | ||
| 650 | 7 |
_aDerecho canónico _2embne _911655 |
|
| 852 |
_aES-MaACL _jR-1842(2) _z-- Enc. perg. _x-- Olim: G-1556 |
||
| 999 |
_c153045 _d153045 |
||